000 00717nam a2200217Ia 4500
003 GCL
008 140319s9999 xx 000 0 ara d
040 _aGCL /
_cGCL
082 0 4 _a709.2
_bع ا
100 1 _aعبدالحميد توفيق
245 1 0 _aاعلام الموسيقى المصرية عبر 150 سنة /
_cعبدالحميد توفيق
260 _a[S.N] :
_bالهيئة المصرية العامة للكتاب ،
_c1990
300 _a291 ص
490 _aتاريخ المصريين
_v0
650 0 4 _aالموسيقى
650 0 4 _aالفنانون
650 0 4 _aالموسيقيون المصريون
650 0 4 _aالفنانون المصريون
650 0 4 _aالفن
942 _2ddc
_cBK
999 _c30505
_d30505